000 01127nji a22002657a 4500
005 2010091007087.0
006 a|||||r|||||00| 0
007 sd ammalaaahaa
008 100830t xxu||||| |||| 00| 0 eng d
028 _aGE 33644
_bHis Master's Voice
035 _aGR-01839
040 _aSED
_cSED
100 _917455
_aMohd. Rafi
245 _aSadhu aur shaithan /
_cby Mohd. Rafi ; music by Laxmikant Pyarelal ; lyrics by Rajinder Krishen
_h[sound recording] :
246 _aसाधू और शैतान
260 _aDum Dum, India
_bHis Master's Voice
300 _a1 sound disc [Gramophone Recording]:
_banalog, 33 1/3 rpm
_c9.5 in. (MP)
_fGramophone Record
500 _aBrief Record
505 _aSide-1 ऐ फर आपिल (Ae far aapil) (Manna Dey & Asha Bhosle) --Side-2 कभी आगे कभी पीछे (Kabhi aage kabhi piche) (Mohd. Rafi)
650 _aClassical music
_zIndia
_91186
_xExcerpts
700 _917416
_aPyarelal, Laxmikant
700 _917456
_aKrishen, Rajinder
942 _2ddc
_cGR
999 _c44954
_d44954